| 000 -LEADER | |
|---|---|
| fixed length control field | 01051nam a2200193 a 4500 |
| 008 - FIXED-LENGTH DATA ELEMENTS--GENERAL INFORMATION | |
| fixed length control field | 260227s2026##################000#0#eng## |
| 020 ## - INTERNATIONAL STANDARD BOOK NUMBER | |
| ISBN | 9780521806695 |
| Paper back/Hardbound | hbk |
| 041 ## - LANGUAGE CODE | |
| Language code of text/sound track or separate title | eng |
| 082 04 - DEWEY DECIMAL CLASSIFICATION NUMBER | |
| Classification number | 324.21750943 |
| Item number | GRZ |
| 100 ## - MAIN ENTRY--AUTHOR NAME | |
| Personal name | Grzymaa-Busse Anna Maria |
| 245 10 - TITLE STATEMENT | |
| Title | Redeeming the Communist Past: The Regeneration of Communist Parties in East Central Europe (Cambridge Studies in Comparative Politics) |
| Statement of responsibility, etc | /Anna Maria Grzymaa-Busse |
| 260 ## - PUBLICATION, DISTRIBUTION, ETC. (IMPRINT) | |
| Name of publisher | Cambridge Univ Pr |
| Year of publication | 2002 |
| 300 ## - PHYSICAL DESCRIPTION | |
| Number of Pages | 341p,; |
| Dimensions | 22 cm. |
| 504 ## - BIBLIOGRAPHY, ETC. NOTE | |
| Bibliography, etc | Includes index |
| 520 ## - SUMMARY, ETC. | |
| Summary, etc | This major study examines one of the most surprising developments in East Central European politics after the democratic transitions of 1989: the completely unexpected regeneration of the former communist parties. After the collapse of the communist regimes in 1989, these ruling communist parties seemed consigned to oblivion. However, confounding scholarly and popular expectations, all of the parties survived, with some even returning to power. |
| 650 ## - SUBJECT ADDED ENTRY--TOPICAL TERM | |
| Topical Term | Politics |
| 942 ## - ADDED ENTRY ELEMENTS (KOHA) | |
| Koha item type | Reference |
| Withdrawn status | Lost status | Damaged status | Not for loan | Home library | Current library | Shelving location | Date acquired | Full call number | Accession Number | Price effective from | Koha item type |
|---|---|---|---|---|---|---|---|---|---|---|---|
| Anna Centenary Library | Anna Centenary Library | 3RD FLOOR, B WING | 27.02.2026 | 324.21750943 GRZ | 244010 | 27.02.2026 | Reference |